000 00322nam a2200121Ia 4500
008 220216s9999 xx 000 0 und d
100 _aJacob J
245 0 _aRubber: Krishichelavu kurachu aadayakaramakkum. Interview with chairman
260 _bKarshakasree
_c2016
300 _a70-72
650 _aInterview
942 _cBS
999 _c51161
_d51161